Scottish Football Teams (SPFL) - 2025/26 - Statistics

General Stats
  • This quiz has been taken 150 times
  • The average score is 28 of 42
Answer Stats
Hint Answer % Correct
Premiership Aberdeen
96%
Premiership Celtic
96%
Premiership Rangers
96%
Premiership Heart of Midlothian
93%
Premiership Dundee United
91%
Premiership Hibernian
91%
Premiership Kilmarnock
90%
Premiership Motherwell
86%
Premiership Falkirk
85%
Premiership St Mirren
84%
Premiership Dundee FC
81%
League one Inverness Caledonian Thistle
79%
Premiership Livingston
78%
Championship Ross County
76%
Championship St Johnstone
76%
Championship Arbroath
71%
Championship Partick Thistle
71%
Championship Dunfermline
70%
Championship Ayr United
68%
Championship Queen's Park
66%
League one Hamilton Academical
64%
League one Alloa Athletic
60%
Championship Greenock Morton
59%
Championship Raith Rovers
58%
League Two Stirling Albion
58%
Championship Airdrieonians
55%
League Two Edinburgh City
55%
League one Stenhousemuir
55%
League Two Elgin City
54%
League one Peterhead
54%
League one Queen of the South
54%
League Two Annan Athletic
53%
League one Montrose
51%
League Two Stranraer
51%
League Two Clyde
50%
League Two Dumbarton
48%
League one Kelty Hearts
48%
League Two East Kilbride
46%
League one East Fife
44%
League one Cove Rangers
43%
League Two Forfar Athletic
43%
League Two Spartans
40%
No matching quizzes found
Score Distribution
Percent of People with Each Score
Percentile by Number Answered
Your Score History
You have not taken this quiz